000 01747nam0a2200385 4500
001 RU\NLR\BIBL_A\012556910
005 20250624065027.0
010 _a978-5-17-134630-0
_92000
021 _aRU
_b2021-11155
_9КН-П-902
035 _a(NLR Aleph) 012556910
090 _a12448471
_c12448471
100 _a20210702d2021 |||y0rusy50 ca
101 0 _arus
102 _aRU
105 _ay fj 000zy
181 0 _ai
_baxxe
182 0 _an
200 1 _aСамая полная энциклопедия психотерапевта
_iКлиническая психология
_eруководство
_fГеннадий Старшенбаум
203 _aТекст
_bвизуальный
_cнепосредственный
210 _aМосква
_cАСТ
_cПрайм
_d2021
215 _a632, [1] с.
_cтабл.
_d26
225 1 _aПсихология
_iВысший курс
300 _aНа 4-й с. обл. авт.: Старшенбаум Г. В., врач-психотерапевт высшей категории, к.м.н., проф.
320 _aБиблиогр.: с. 619-625
320 _aДр. кн. авт. на 7-й с.
333 _a18+
606 1 _aПсихические расстройства
_jРуководства, пособия и т.п
_xДиагностика
_92368656
_3RU\NLR\AUTH\661413929
606 1 _aПсихические расстройства
_jРуководства, пособия и т.п
_xПсихотерапия
_92608378
_3RU\NLR\AUTH\661544936
686 1 _aР64-4я7я7
686 1 _aР64-57я7
700 1 _aСтаршенбаум
_bГ. В.
_gГеннадий Владимирович
942 _cBOOK
980 _aNB